000
00294nam a22001337a 4500
008
171017b xxu||||| |||| 00| 0 eng d
020
_a
9780071490672
041
_a
eng
080
_2
2ND
_a
331.101.262
100
_a
52
101
_a
BNJ
245
_a
UNLOCK BEHAVIOR
_c
WILK,L
942
_2
udc
_c
BK
999
_c
34302
_d
34302